01095nab a22002417a 4500999001500000003000400015005001700019008004100036040000700077100002600084245011100110260004200221300001200263500003600275505019900311505008900510650002600599650003200625650003600657650002800693773011900721942001300840 c6541d6541OSt20260223124236.0190506c xxu||||| |||| 00| 0 spa d cPJ 94445aViola, Efraín10aSentencia favorable, ¿crédito cobrable? : bsobre depreciación y "otras yerbas..." /cEfraín Viola. aBuenos Aires :bAbeledoPerrot,c2024. ap. 7-10 aCita: TR LALEY AR/DOC/766/2024. aSumario: I. Exordio.— II. Crujen las bases.— III. Depreciación del crédito.— IV. Ladran Sancho...— V. La difícil misión de convertir la sentencia en moneda.— VI. Conclusiones.  t¿Te interesa el texto completo? Comunicate al correo: koha@justierradelfuego.gov.ar 091316aDERECHO LABORAL 091514aPROCEDIMIENTO LABORAL 093790aACTUALIZACIÓN MONETARIA 094496aCRÉDITO LABORAL0 0275193202dBuenos Aires : AbeledoPerrot, 2013-tRevista de derecho laboral y seguridad social. Nº 9 - Mayo 2024 2udccANA